| 000 | 00834nam a22002651 4500 | ||
|---|---|---|---|
| 001 | 75236 | ||
| 003 | BD-RjUL | ||
| 005 | 20211209082649.0 | ||
| 008 | 190205s1949 nyua b 000 0 eng | ||
| 035 | _a(BD-RjUL)75454 | ||
| 040 |
_aDLC/ICU _cICU _dDLC _dBD-RjUL _beng |
||
| 041 | 1 | _aengund | |
| 082 | 0 | 0 |
_223 _a677.46 _bHEP 1949 |
| 100 | 1 |
_aHermans, Petrus Hendrik, _d1898- _9227747 |
|
| 245 | 1 | 0 |
_aPhysics and chemistry of cellulose fibres : _bwith particular reference to rayon / _cP.H. Hermans. |
| 260 |
_aNew York : _bElsevier Pub. Co., _c1949. |
||
| 300 |
_axxii, 534 p.: _billus.; _c25 cm. |
||
| 504 | _aIncludes bibliographies. | ||
| 650 | 0 |
_aCellulose fibers. _9227749 |
|
| 650 | 0 |
_aRayon. _952657 |
|
| 942 |
_2ddc _cBK |
||
| 999 |
_c75236 _d75236 |
||